000 00537nam a2200157 4500
005 20241210091602.0
008 181009b ||||| |||| 00| 0 eng d
022 _a2094-8042
082 _aDPer 370.105 M72 Jan-Dec 2011 v59-60
100 _932021
_aBagnol, Felix N.
245 _aPara sa aking natatanging lolo/
_cFelix N. Bagnol.
260 _aPhilippines:
_bPublishers Association of the Philippines, Inc.,
_cc2011.
300 _av60 n7, page 305:
_billustrations;
_c27cm.
650 0 _932022
_aHeroes and heroine.
942 _2ddc
_cPER
999 _c11044
_d11044